Rozpočtování a fakturování stavebních prací

Na minha lista:
Detalhes bibliográficos
Autor principal: Motejl, Jiří
Formato: Livro
Idioma:tcheco
Publicado em: Praha Dům techn. ČSVTS 1987
Edição:1. vyd.
Colecção:Investiční výstavba Sešit 3
Tags: Adicionar Tag
Sem tags, seja o primeiro a adicionar uma tag!

MARC

LEADER 00000nam a2200000 4500
001 c028595
005 20221219103320.3
041 0 |a cze 
044 |a CZ 
245 1 0 |a Rozpočtování a fakturování stavebních prací  |c Jiří Motejl 
250 |a 1. vyd. 
264 1 |a Praha  |b Dům techn. ČSVTS  |c 1987 
300 |a 34 s. 
490 1 |a Investiční výstavba  |v Sešit 3 
830 0 |a Investiční výstavba  |v Sešit 3 
100 1 |a Motejl, Jiří